Countries Flags with Birds - Statistics

General Stats
  • This quiz has been taken 207 times
    167 since last reset
  • The average score is 13 of 17
Answer Stats
Picture Answer % Correct
Mexico
95%
Albania
88%
Egypt
83%
Ecuador
79%
Uganda
79%
Papua New Guinea
77%
Serbia
77%
Kazakhstan
74%
Moldova
73%
Guatemala
72%
Dominica
70%
Zimbabwe
70%
Montenegro
69%
Zambia
69%
Kiribati
66%
Fiji
65%
Bolivia
62%
No matching quizzes found
Score Distribution
Percent of People with Each Score
Percentile by Number Answered
Your Score History
You have not taken this quiz since the last reset